Về núi : Tản văn

Uloženo v:
Podrobná bibliografie
Hlavní autor: Bùi, Việt Phương
Médium: Kniha
Jazyk:Undetermined
Vydáno: Hà Nội Hội Nhà văn 2020
Témata:
Tagy: Přidat tag
Žádné tagy, Buďte první, kdo otaguje tento záznam!
Thư viện lưu trữ: Trung tâm Học liệu Trường Đại học Cần Thơ
LEADER 00578nam a2200205Ia 4500
001 CTU_239612
008 210402s9999 xx 000 0 und d
082 |a 895.922808 
082 |b Ph561 
100 |a Bùi, Việt Phương 
245 0 |a Về núi : 
245 0 |b Tản văn 
245 0 |c Bùi Việt Phương 
260 |a Hà Nội 
260 |b Hội Nhà văn 
260 |c 2020 
650 |a Văn xuôi Việt Nam,Vietnamese prose literature 
904 |i Hải 
910 |b nthai 
980 |a Trung tâm Học liệu Trường Đại học Cần Thơ